Das Wort Danke in verschiedene Sprachen - Statistiken

Allgemein
  • Dieses Quiz wurde 41 mal gespielt
  • Das Durchschnittsergebnis liegt bei 6 aus 20
Antwortstatistiken
Hint Antwort % Korrekt
Deutsch Danke
100%
Englisch Thank you
100%
Französisch Merci
82%
Spanisch Gracias
79%
Italienisch Grazie
68%
Niederländisch Dank je
34%
Portugiesisch Obrigado
32%
Schwedisch/ Norwegisch/ Dänisch Tack
26%
Japanisch Arigato
21%
Russisch Spasibo
18%
Türkisch Teşekkür
13%
Latein gratias ago
11%
Griechisch Efcharistó
8%
Serbo-Kroatisch Hvala
8%
Polnisch Dziekuje
5%
Arabisch Shukran
5%
Swahili Asante
0%
Hindi Dhanyavaad
0%
Koreanisch Gamsahamnida
0%
Chinesisch Xiexie
0%
Keine übereinstimmenden Quizze gefunden
Verteilung der Resultate
Anzahl Personen mit jedem Resultat
Perzentil nach korrekt beantworteten Fragen
Ihre Resultats-Entwicklung
Sie haben dieses Quiz noch nicht gespielt